000 00446nam a2200157 i 4500
001 bg
100 1 _aDZIEWOŃSKI, Kazimierz
245 0 _aPrzekształcenia przestrzenno-gospodarczej struktury kraju /
_cKazimierz Dziewoński, Bolesław Malisz.
260 _aWarszawa,
_c1978.
700 1 _aMALISZ, Bolesław
040 _cBPK
041 _apol
080 _a338.26:711.1/.2(438)"19"
942 _cKS
008 s pl f |000 0 pol
999 _c9772
_d9772
856 _uhttp://koha.tu.koszalin.pl/cgi-bin/koha/opac-detail.pl?biblionumber=9772
_yKatalog online BPK